00662nam a2200217 a 4500001001300000003000900013005001700022008004100039020002600080082001600106100002400122245007900146260006000225300000900285500003500294505001000329650002200339650001900361650004000380700002400420nice12345678IN_TiNIC20260116012255.0050524s1985 chaa grp 000 0 eng  a0807896 c655.6500a297.63bSCH aSchimmel, Annemarie aAnd Muhammad Is His Messengerb Veneration of the Prophet in Islamic Piety aChapel Hill bUniversity of North Carolina Press c1985 a277p aincludes index and biblioraphy2 aIndex aMuhammad, Prophet aPoetry-Islamic aIslamic-Poetry-history and Criticis1 aSchimmel, Annemarie